| 000 | 01318nam a22002657a 4500 | ||
|---|---|---|---|
| 005 | 20131024150544.0 | ||
| 010 | _aHIN-78766 | ||
| 020 |
_a8175736372 _c150.00 |
||
| 035 | _aB-209808 | ||
| 037 | _bD.B.Act / ven | ||
| 037 | _bयू.बी.एच. | ||
| 037 |
_bदिपला _aयूबीएच |
||
| 082 | 1 | 4 | _aक |
| 245 | 1 |
_aपरियों की कहानियाँ _cश्याम दूआ द्वारा सम्पादित |
|
| 260 |
_aदिल्ली _bटिनी टाँट पब्लिकेशन्स _c2005 |
||
| 260 |
_aनोएडा यू.पी _bटिनी टॅाट पब्लिकेशन _c2012 |
||
| 270 |
_aएच-37, सैक्टर-63, नोएडा _b(जी.बी.नगर) _e201301 _k9310163582, 0120-4570157 _l0120-4281696 |
||
| 300 |
_a144पृ _bसचित्र _c23 सेमी (सजिल्द) |
||
| 650 | _aबाल कहानियाँ | ||
| 650 | _aकहानियाँ | ||
| 650 | _aChildren Storys | ||
| 700 | _aश्याम दुआ | ||
| 942 |
_adpl _cCH _2ddc _hक _mपरियों |
||
| 999 |
_c79893 _d79893 |
||